|
|
|
|
| LEADER |
00000nas a2200000 a 4500 |
| 001 |
vtls012056589 |
| 003 |
SK-MaSNL |
| 005 |
20260228160233.0 |
| 008 |
210601d18uu18uuxo ar 0 0lat |
| 040 |
|
|
|a SNK
|b slo
|c SNK
|e AACR2
|
| 041 |
0 |
|
|a lat
|
| 043 |
|
|
|a e-xo---
|
| 044 |
|
|
|a xo
|c SK
|
| 072 |
|
7 |
|a 373.5/.6
|x Stredné školy
|2 konspekt
|
| 080 |
|
|
|a 373.5
|2 2011
|
| 080 |
|
|
|a (437.642)
|2 2011
|
| 080 |
|
|
|a (036)
|2 2011
|
| 080 |
|
|
|a (047)
|2 2011
|
| 245 |
0 |
0 |
|a Classificatio alumnorum regii rom. cath. gymnasii Neosoliensis pro anno Scholastico ... semestri aestivo
|
| 260 |
|
|
|a Neosolii
|b Philippi Machold
|
| 300 |
|
|
|a zv.
|c 29 cm
|
| 310 |
|
|
|a 1x ročne
|
| 500 |
|
|
|a Súčasťou názvu je označenie školského roku
|
| 500 |
|
|
|a Popis podľa: R. 1863/64
|
| 610 |
2 |
7 |
|a Vyššie katolícke gymnázium (Banská Bystrica, Slovensko)
|2 SNKKA
|9 266219
|
| 650 |
0 |
7 |
|a gymnáziá
|2 SNKPH
|9 16386
|
| 651 |
|
7 |
|a Banská Bystrica (Slovensko)
|2 SNKPHgeo
|9 22015
|
| 655 |
|
7 |
|a informačné publikácie
|2 SNKPH
|9 70181
|
| 655 |
|
7 |
|a správy
|2 SNKPH
|9 70563
|
| 700 |
1 |
|
|a Machold, Filip,
|d 1815-1864
|4 prt
|9 49396
|
| 752 |
|
|
|a Slovensko
|d Banská Bystrica
|
| 910 |
|
|
|a snk
|
| 999 |
|
|
|c 1964
|d 3894
|
| 952 |
|
|
|0 0
|1 0
|4 0
|7 0
|8 5
|a SNK
|b SNK
|d 2021-06-01
|i snkF 2066/70
|l 0
|o snkČSB 2090/1863-1864 D1
|p 17A1433604
|r 2026-02-21 19:29:02
|w 2026-02-21
|y PREZ
|
| 952 |
|
|
|0 0
|1 0
|4 0
|7 0
|8 5
|a SNK
|b SNK
|d 2021-06-01
|i snkF 1735/82
|l 0
|o snkČSB 2090/1864-1865 D1
|p 17A1433605
|r 2026-02-21 19:29:02
|w 2026-02-21
|y PREZ
|